Občianska výchova pre 9. ročník základných škôl základná ekonomická orientácia a globálne problémy ľudstva

Bibliographic Details
Main Authors: Šlosár, Rudolf, 1950- (Author), Čapová, Mária (Author), Fabová, Ľudmila (ekonómka) (Author), Lisý, Ján, 1950- (Author)
Other Authors: Ondráš, Ľubor (Illustrator)
Format: Book
Language:Slovak
Published: Bratislava Slovenské pedagogické nakladateľstvo 1997
Edition:2. vyd.
Subjects:

MARC

LEADER 00000nam a2200000 a 4500
001 vtls001291024
003 SK-MaSNL
005 20260301234957.0
008 240226s1997 xo abp r yy slo
015 |a SNBA1997/1103111 
020 |a 8008025239 
035 |a SNK000242687 
035 |a urn:nbn:sk:snk-amtj6m 
035 |a urn:nbn:sk:snk-am00c6h6 
035 |a 8752D9C9-601B-4294-B147-092AAB5AFD9A 
040 |a SNK  |b slo  |c SNK  |e AACR2 
041 0 |a slo 
044 |a xo  |c SK 
080 |a 372.832(075.2)  |2 1981 
245 0 |a Občianska výchova pre 9. ročník základných škôl  |b základná ekonomická orientácia a globálne problémy ľudstva  |c Rudolf Šlosár ... [et al.] 
250 |a 2. vyd. 
260 |a Bratislava  |b Slovenské pedagogické nakladateľstvo  |c 1997 
300 |a 93 s.  |b ilustr., tab.  |c 29 cm 
500 |a Ilustr. Ľubor Ondráš 
650 0 7 |a občianska náuka  |2 SNKPH  |9 207230 
655 7 |a učebnice  |2 SNKPH  |9 22521 
655 7 |a učebnice základných škôl  |2 SNKPH  |9 70187 
700 1 |a Šlosár, Rudolf,  |d 1950-  |4 aut  |9 90894 
700 1 |a Čapová, Mária  |4 aut  |9 12245 
700 1 |a Fabová, Ľudmila  |c (ekonómka)  |4 aut  |9 12665 
700 1 |a Lisý, Ján,  |d 1950-  |4 aut  |9 216186 
700 1 |a Ondráš, Ľubor  |4 ill  |9 10095 
919 |a 80-08-02523-9 
958 |a TL 
958 |a UC 
999 |c 972744  |d 974674 
952 |t P60, <09>, [BOOK], {629}  |a SNK  |b SNK  |y NEVYP  |7 0  |o snkB 775  |i snk2897/970623  |0 0  |1 0  |4 0  |d 1997-06-20  |l 0  |r 2005-01-02 00:00:00  |w 2026-02-24 
952 |t P60, <03>, [BOOK], {603}  |a SNK  |b SNK  |y PREZ  |7 0  |p 17A0075895  |o snkSB 57320  |i snkKSP 7000/97  |0 0  |1 0  |4 0  |d 1997-07-02  |f 1  |l 0  |r 2025-04-09 00:00:00  |w 2026-02-24 
952 |t P60, <04>, [BOOK], {604}  |a SNK  |b SNK  |y VYP  |7 0  |p 17A0075894  |o snkSB 57320 D1  |i snkKSP 7001/97  |0 0  |1 0  |4 0  |d 1997-07-02  |l 0  |r 2005-01-02 00:00:00  |w 2026-02-24